000 00304nam a22001217a 4500
008 160613b xxu||||| |||| 00| 0 eng d
020 _a9780763756505
020 _a9780763756505
041 _aeng
080 _a618.2
245 _aCultural competnies for nursing:
_clinda Dayer Berenson;
942 _2udc
_cBK
999 _c2490
_d2490